000 00511nam a2200169Ia 4500
008 110201s9999 xx 000 0 und d
082 _bB1504
_aN 56
100 _aबोरकर कमलाकर
245 _aजन्मदाता
260 _bत्रिदल प्रकाशन
365 _b12
600 _aबोरकर कमलाकर
630 _aजन्मदाता
700 _aबोरकर कमलाकर
730 _aजन्मदाता
942 _cBOOK
999 _c828738
_d828735